Putukkuralkaḷ. (Record no. 59892)

MARC details
000 -LEADER
fixed length control field 00590cam a22002411 4500
001 - CONTROL NUMBER
control field sa 64006814
003 - CONTROL NUMBER IDENTIFIER
control field DLC
005 - DATE AND TIME OF LATEST TRANSACTION
control field 20260227112042.0
008 - FIXED-LENGTH DATA ELEMENTS--GENERAL INFORMATION
fixed length control field 950117s1962 ii 000 0 tamo
010 ## - LIBRARY OF CONGRESS CONTROL NUMBER
LC control number sa 64006814
025 ## - OVERSEAS ACQUISITION NUMBER
Overseas acquisition number PL480:I-T-549
035 ## - SYSTEM CONTROL NUMBER
System control number (OCoLC)31829422
040 ## - CATALOGING SOURCE
Original cataloging agency DLC
Transcribing agency CU
Modifying agency CU
-- DLC
042 ## - AUTHENTICATION CODE
Authentication code premarc
050 00 - LIBRARY OF CONGRESS CALL NUMBER
Classification number PL4758.6
Item number .P8
245 00 - TITLE STATEMENT
Title Putukkuralkaḷ.
260 ## - PUBLICATION, DISTRIBUTION, ETC.
Date of publication, distribution, etc. [1962]
300 ## - PHYSICAL DESCRIPTION
Extent viii, 99 p.
Dimensions 20 cm.
500 ## - GENERAL NOTE
General note Edited by C. S. Chellappa.
500 ## - GENERAL NOTE
General note In Tamil.
650 #0 - SUBJECT ADDED ENTRY--TOPICAL TERM
Topical term or geographic name entry element Tamil poetry.
700 1# - ADDED ENTRY--PERSONAL NAME
Personal name Cellappā, Ci. Cu.,
Dates associated with a name 1912-

No items available.

Powered by Koha